Minor Civil Divisions (Townships) of Arkansas With a Map - Statistics

General Stats
  • This quiz has been taken 154 times
    123 since last reset
  • The average score is 126 of 1209
Answers on the Map
Answers color-coded by a green-red scale on the quiz's map according to % correct below.
 
Answer Stats
County CCD % Correct
Faulkner | Fulton Benton
61%
Bradley | Conway | Fulton | +7 others Washington
55%
Benton 10
52%
Boone | Desha | Independence | +8 others Jefferson
52%
Arkansas Arkansas
51%
Boone | Crittenden | Dallas | +9 others Jackson
51%
Benton | Calhoun | Sebastian 1
49%
Benton | Calhoun | Sebastian 3
49%
Benton | Calhoun 7
49%
Benton 11
48%
Benton 12
48%
Benton 13
48%
Benton | Calhoun | Sebastian 2
48%
Benton | Calhoun | Sebastian 4
48%
Benton | Calhoun 5
48%
Benton | Calhoun 6
48%
Benton | Calhoun 8
48%
Benton | Calhoun 9
48%
Lonoke Pulaski
48%
Grant | Howard | St. Francis Madison
46%
Crittenden | Desha Mississippi
46%
Washington Fayetteville
44%
Mississippi | Sevier Monroe
44%
Garland Hot Springs
42%
Newton | Washington Lincoln
41%
Newton Polk
41%
Clay | Little River | Logan | +3 others Johnson
39%
Boone | Cleveland | Johnson Lee
39%
Crawford | Newton | Union Van Buren
39%
Carroll | Desha | Drew | +6 others Franklin
38%
Cross Searcy
38%
Jefferson | Lincoln | Searcy Spring
38%
Johnson Grant
37%
Logan | Union Boone
35%
Stone Harris
35%
Ashley | Newton | Pike | Polk White
35%
Clay | Logan | Pike | Pope Clark
34%
Fulton | Polk Fulton
34%
Hot Spring | Union | White Harrison
34%
Newton | Scott | Stone Jones
34%
Hot Spring Montgomery
34%
Monroe Montgomery-Smalley
34%
Cleburne Pine
34%
Ouachita Carroll
32%
Bradley | Howard | White Clay
32%
Lawrence Lawrence
32%
Johnson | Perry Perry
32%
Independence Big Bottom-Wycough-Logan
31%
Lonoke | Ouachita | Scott Lafayette
31%
Baxter | Logan Logan
31%
Lonoke Lonoke
31%
Bradley | Drew | Lawrence | +3 others Marion
31%
Bradley | Hot Spring Ouachita
31%
Lonoke | Mississippi | Poinsett | Sharp Scott
31%
Independence Ashley
30%
Fulton | Little River | Lonoke | +4 others Cleveland
30%
Clay Cleveland-North Kilgore
30%
Van Buren Craig
30%
Independence Cushman-Union
30%
Faulkner Newton
30%
Cleburne | Cleveland | Drew | +4 others Saline
30%
Ashley | Baxter | Conway | +14 others Union
30%
Ouachita | Van Buren Bradley
28%
Prairie Calhoun
28%
Washington | Yell Crawford
28%
Craighead Jonesboro
28%
Arkansas | Ashley | Boone | +12 others Prairie
28%
Craighead | Lee Texas
28%
Monroe | Phillips Cleburne
27%
Randolph Columbia
27%
Carroll Cross
27%
Lonoke Hamilton
27%
Conway Howard
27%
Baxter | Lee Independence
27%
Little River | Mississippi | Poinsett Little River
27%
Baxter Mill
27%
Cleveland | Franklin Miller
27%
Bradley | Grant | Logan | Ouachita River
27%
Arkansas | Hempstead | Miller | St. Francis Garland
25%
Desha Randolph
25%
Washington Springdale
25%
Columbia | Craighead | Nevada Taylor
25%
Lonoke Williams
25%
Lee | Phillips St. Francis
24%
Clay Cache-Wilson
23%
Scott Lewis
23%
Sharp Ozark
23%
Cleveland | Cross | Dallas | +2 others Smith
23%
Faulkner | Fulton | Pope | Stone Wilson
23%
Monroe Brown
21%
Clay Brown-Carpenter
21%
Perry | Prairie Tyler
21%
Montgomery | Polk | Pope | +2 others Center
20%
Grant | Van Buren Davis
20%
Perry | Phillips Lake
20%
Yell Mason
20%
Nevada | Pike Missouri
20%
Ashley Carter
18%
Sharp Cherokee
18%
Johnson Dickerson-Hill
18%
Independence | Pulaski Hill
18%
Scott James
18%
Cleburne | Franklin | Lawrence | Sharp Morgan
18%
Craighead Buffalo
17%
Cleburne | Faulkner | Franklin | +7 others Mountain
17%
Johnson King
15%
Conway | Pope Martin
15%
Arkansas | Crawford | Dallas Chester
14%
Scott Hunt
14%
Carroll | Dallas | Independence | +6 others Liberty
14%
Lonoke York
14%
Boone Blythe
13%
Lincoln | Van Buren Choctaw
13%
Faulkner Hardin
13%
Desha | Jefferson | Lee | +5 others Richland
13%
Johnson Sherman
13%
Grant Tennessee
13%
Conway Austin
11%
Lonoke | Randolph Butler
11%
Lawrence Campbell
11%
Cleburne | Desha Clayton
11%
Baxter | Poinsett Greenwood
11%
Perry Houston
11%
Crawford | Crittenden Jasper
11%
Dallas Manchester
11%
White Marshall
11%
Howard Nashville
11%
Faulkner | Franklin | White Walker
11%
Crawford Alma
10%
Carroll | Saline Beaver
10%
Chicot | Desha Bowie
10%
Boone | Izard | Jackson | Stone Bryan
10%
Yell Centerville
10%
Lee Hampton
10%
Hot Spring | Union Henderson
10%
Crawford Lancaster
10%
Franklin Middle
10%
Arkansas Morris
10%
Carroll | Newton Osage
10%
Little River | Miller | Searcy | +3 others Red River
10%
Lafayette | White Russell
10%
Saline Salem
10%
Cleburne | Hot Spring | Ouachita | +2 others Valley
10%
Woodruff Augusta
8%
Arkansas Barton
8%
Cross Bedford
8%
Clark Caddo
8%
Arkansas Crockett
8%
Lee | Sharp Hardy
8%
Johnson Stonewall
8%
Franklin | Little River Wallace
8%
Nevada Albany
7%
Franklin | Newton | Washington Boston
7%
Faulkner Bristol
7%
Howard Burg
7%
Mississippi Carson
7%
Carroll | Polk | Scott Cedar
7%
Scott Coal
7%
Yell Dardanelle
7%
Sharp Davidson
7%
Monroe Dixon
7%
Union El Dorado
7%
Cross Ellis
7%
Washington Farmington
7%
Washington Goshen
7%
Sharp Highland
7%
Columbia Magnolia
7%
Cross Mitchell
7%
Baxter Mountain Home
7%
Izard Newburg
7%
Montgomery Norman
7%
Stone Northwest
7%
Nevada Parker
7%
Ashley Portland
7%
Randolph Richardson
7%
Jefferson Roberts
7%
Randolph Siloam
7%
Pike Thompson
7%
Johnson | Lonoke | Yell Ward
7%
Poinsett Willis
7%
Lawrence Ashland
6%
Izard Athens
6%
Lincoln Auburn
6%
Izard | Lafayette | Randolph Baker
6%
Yell Bluffton
6%
Saline Bryant
6%
Lonoke Carlisle
6%
Yell Danville
6%
Grant Dekalb
6%
Washington Durham
6%
Cleburne Francis
6%
Pope Galla
6%
Lonoke | White Gray
6%
Craighead | Monroe | Poinsett Greenfield
6%
Madison Huntsville Ward 1
6%
Madison Huntsville Ward 2
6%
Madison Huntsville Ward 3
6%
Madison Huntsville Ward 4
6%
Madison | Yell Lamar
6%
Newton Murray
6%
Mississippi Neal
6%
Clay Nelson
6%
Conway Nichols
6%
Dallas Nix
6%
Dallas | Lincoln | Poinsett | Saline Owen
6%
Crawford Porter
6%
Dallas Princeton
6%
Madison Alabam
4%
Nevada Alabama
4%
Woodruff Barnes
4%
Sevier Bear Creek
4%
Searcy Bear Creek No. 4
4%
Searcy Bear Creek No. 5
4%
Searcy Bear Creek No. 6
4%
Pulaski Big Rock
4%
Izard Big Spring
4%
Montgomery Black Springs
4%
Mississippi Canadian
4%
Crawford Cedarville
4%
Izard Claiborne
4%
Drew Collins
4%
Polk Cove
4%
Faulkner | Phillips Cypress
4%
Logan Delaware
4%
Hot Spring | Pope Dover
4%
Bradley | Faulkner | Lonoke | +2 others Eagle
4%
Independence Fairview
4%
Dallas Fordyce
4%
Pope | Woodruff Freeman
4%
Washington Greenland
4%
Newton Grove
4%
Garland Hale
4%
Faulkner Harve
4%
Scott Hon
4%
Newton Hudson
4%
Pope | Washington Illinois
4%
Newton | Saline | White Kentucky
4%
Cleveland Kingsland
4%
Craighead | Perry Maumelle
4%
Montgomery Mount Ida
4%
Pope Phoenix
4%
Johnson Pittsburg
4%
Washington Reed
4%
Cleveland Rison
4%
White Royal
4%
Saline Shaw
4%
Washington Tontitown
4%
Crawford | Sebastian Upper
4%
Lonoke Walls
4%
Randolph Warm Springs
4%
Logan Washburn
4%
Cross Wynne
4%
Boone Zinc
4%
Little River Arden
3%
White Bald Knob
3%
Logan Barber
3%
Independence | Jackson Barren
3%
Saline Bauxite
3%
Miller Beech
3%
Boone Bellefonte
3%
Conway Bentley
3%
Baxter Big Flat
3%
Mississippi Big Lake
3%
Conway | Jackson Bird
3%
Craighead | Crittenden | Franklin Black Oak
3%
Lawrence Black River
3%
Independence Black River-Marshell
3%
Lawrence Black Rock
3%
Hempstead Bodcaw
3%
Ouachita Bragg
3%
Arkansas | Howard | Pike Brewer
3%
Monroe Brinkley
3%
Craighead Brookland
3%
Mississippi Burdette
3%
Cleburne | Faulkner | Van Buren | White Cadron
3%
Cleburne | Faulkner California
3%
Chicot Carlton
3%
Boone | Carroll Carrollton
3%
Perry Casa
3%
Sharp Cave
3%
Perry Cherry Hill
3%
Drew | Hot Spring | Sevier Clear Creek
3%
Faulkner Clifton
3%
Franklin Cobb
3%
Yell Compton
3%
Woodruff Cotton Plant
3%
Drew Crook
3%
White Crosby
3%
Van Buren Culpepper
3%
Greene | Randolph Dalton
3%
Lawrence | Woodruff Dent
3%
Scott Denton
3%
Prairie | White Des Arc
3%
Crawford Dora
3%
Washington Elkins
3%
Logan Ellsworth
3%
White El Paso
3%
Faulkner Enola
3%
Yell Ferguson
3%
Randolph Foster
3%
Lafayette French
3%
Boone Gaither
3%
Woodruff Garden
3%
Cleburne Giles
3%
Independence Greenbrier
3%
Baxter | Franklin Grover
3%
Saline Haskell
3%
Newton Hasty
3%
Cleburne Heber
3%
Mississippi Hector
3%
Carroll Hickory
3%
Cross | Phillips Hickory Ridge
3%
Saline Holland
3%
Johnson Howell
3%
Little River Jeff Davis
3%
White Kensett
3%
Lafayette La Grange
3%
Craighead Lake City
3%
Craighead Lester
3%
Franklin Limestone
3%
Ashley Longview
3%
Crittenden Lucas
3%
Yell Magazine
3%
Fulton Mammoth Spring
3%
Saline Marble
3%
Sevier Mineral
3%
Ashley Montrose
3%
Bradley Moro
3%
Scott | Searcy Mount Pleasant
3%
Faulkner Mount Vernon
3%
Montgomery Oden
3%
Scott Oliver
3%
Saline Otter
3%
Bradley Pennington
3%
Pike Pike City
3%
Woodruff Point
3%
Craighead Powell
3%
Monroe Raymond
3%
Perry Rose Creek
3%
Howard Saratoga
3%
Desha Silver Lake
3%
Grant Simpson
3%
Arkansas Stanley
3%
Miller Sulphur
3%
Yell Sulphur Springs
3%
Boone Summit
3%
Crawford Uniontown
3%
Jefferson Victoria
3%
Columbia | Jackson Village
3%
Columbia Waldo
3%
Franklin Weaver
3%
Washington West Fork
3%
Independence | Izard | Prairie | +2 others White River
3%
Union Wilmington
3%
Washington Winslow
3%
Polk Acorn
1%
Fulton Afton
1%
White Albion
1%
Franklin Alix
1%
Lawrence Annieville
1%
Hot Spring | White Antioch
1%
Pike Antoine
1%
Perry Aplin
1%
Stone Arbana
1%
Van Buren Archey Valley
1%
Little River Arkinda
1%
Ashley | Saline Banner
1%
Franklin Barham
1%
Van Buren Barnett
1%
Jefferson Barraque
1%
Izard Barren Fork
1%
Drew | Lincoln Bartholomew
1%
Boone Batavia
1%
Jackson Bateman
1%
Johnson Batson
1%
Pope Bayliss
1%
Ashley | Baxter Bayou
1%
Arkansas Bayou Meto
1%
Ashley | Drew Bearhouse
1%
Ashley Beech Creek
1%
Prairie Belcher
1%
Faulkner Benedict
1%
Clay Bennett-Lemmons
1%
Crawford Bidville
1%
Craighead | Fulton | Hot Spring | +5 others Big Creek
1%
Hot Spring Bismarck
1%
St. Francis Black Fish
1%
Scott Black Fork
1%
Howard Blackland
1%
Scott Blansett
1%
Howard Blue Bayou
1%
Logan | Stone Blue Mountain
1%
Howard Blue Ridge
1%
Lawrence Boas
1%
Crittenden Bob Ward
1%
Jefferson Bogy
1%
Hempstead Bois d'Arc
1%
Jefferson | Poinsett Bolivar
1%
Nevada Boughton
1%
Mississippi Bowen
1%
Cleveland Bowman
1%
Clay Bradshaw-Haywood
1%
Scott Brawley
1%
Jackson Breckenridge
1%
Ouachita Bridge Creek
1%
Yell Briggsville
1%
Randolph Bristow
1%
Hot Spring Brown Springs
1%
Washington Brush Creek
1%
Cross Brushy Lake
1%
Baxter Buckhorn
1%
Howard Buck Range
1%
Baxter Buford
1%
Prairie Bullard
1%
Dallas Bunn
1%
Little River Burke
1%
Pope Burnett
1%
Hot Spring Butterfield
1%
Carroll Cabanal
1%
Jackson | Lawrence | Monroe | Woodruff Cache
1%
Montgomery Caddo Gap
1%
Searcy Calf Creek
1%
Grant Calvert
1%
White Cane
1%
Lincoln | Logan Cane Creek
1%
Washington Cane Hill
1%
Little River | Montgomery | Nevada | Woodruff Caney
1%
Van Buren Cargile
1%
Lonoke Caroline
1%
Conway Catholic Point
1%
Logan | Scott Cauthron
1%
Crawford Cedar Creek
1%
Conway Cedar Falls
1%
Howard Center Point
1%
Cleburne Center Post
1%
Clay Chalk Bluff-Liddell
1%
Mississippi Chickasawba
1%
White Chrisp
1%
White Coffey
1%
Carroll Coin
1%
Cross Coldwater
1%
White Coldwell
1%
Drew Cominto
1%
Pope Convenience
1%
Union Cornie
1%
Lee Council
1%
Howard County Line
1%
Crawford Cove City
1%
Washington Cove Creek
1%
Jackson Cow Lake
1%
Franklin Cravens
1%
Lonoke Crooked Creek
1%
Randolph Current River
1%
Miller Cut Off
1%
White Cypert
1%
Monroe Cypress Ridge
1%
Faulkner Danley
1%
Grant Darysaw
1%
Miller Days Creek
1%
Crawford Dean Springs
1%
Ashley De Bastrop
1%
Randolph Demun
1%
White Denmark
1%
Independence Departee
1%
Hempstead De Roan
1%
Hot Spring De Roche
1%
Woodruff De View
1%
Howard Dillard
1%
Poinsett Dobson
1%
White Dogwood
1%
Franklin Donald
1%
Lonoke Dortch
1%
Independence Dota
1%
Lawrence Dowell
1%
Logan Driggs
1%
Carroll Dry Fork
1%
Dallas Dry Run
1%
Izard Drytown
1%
Howard Duckett
1%
Jefferson Dudley Lake
1%
Monroe Duncan
1%
Jefferson Dunnington
1%
Yell Dutch Creek
1%
Washington Dutch Mills
1%
Lawrence Duty
1%
Crawford | Saline Dyer
1%
Mississippi Dyess
1%
Faulkner East Fork
1%
Clay East Oak Bluff-Blue Cane
1%
Randolph East Roanoke
1%
Sharp East Sullivan
1%
Lawrence Eaton
1%
Ouachita Ecore Fabre
1%
Ashley Egypt
1%
Randolph Eleven Point
1%
Boone Elixir
1%
Washington Elm Springs
1%
Ashley Elon
1%
Columbia Emerson
1%
Nevada Emmet
1%
Boone Ewing
1%
Ashley Extra
1%
Cross Fair Oaks
1%
Saline Fairplay
1%
Stone Farris
1%
Grant | Hot Spring Fenter
1%
Stone Flag
1%
Lawrence Flat Creek
1%
Lee Fleener
1%
Lonoke | Mississippi Fletcher
1%
Crittenden Fogleman
1%
Perry Fourche Lafave
1%
White Francure
1%
St. Francis | Woodruff Franks
1%
Ouachita Freeo
1%
Lonoke Furlow
1%
Independence Gainsboro
1%
Yell Galla Rock
1%
Polk Gap Springs
1%
Union | White Garner
1%
Nevada Georgia
1%
Izard Gid
1%
Hot Spring Gifford
1%
Craighead Gilkerson
1%
Yell Gilkey
1%
Jackson Glaize
1%
Jackson Glass
1%
Clay Gleghorn-South Kilgore
1%
Mississippi Golden Lake
1%
Lonoke Goodrum
1%
St. Francis Goodwin
1%
Lincoln Gould
1%
Cleburne Grassey
1%
White Gravel Hill
1%
Yell Gravelly Hill
1%
Conway Gregory
1%
Conway | Pope Griffin
1%
St. Francis Griggs
1%
Jackson Grubbs
1%
Izard Guion
1%
Pope Gum Log
1%
Arkansas Gum Pond
1%
White Gum Springs
1%
Lonoke Gum Woods
1%
Izard | White Guthrie
1%
Lafayette Hadley
1%
Mississippi Half Moon Lake
1%
Desha Halley
1%
Washington Harmon
1%
Cleveland Harper
1%
White Hartsell
1%
Prairie Hazen
1%
Cleburne Healing Springs
1%
Arkansas Henton
1%
Craighead Herndon
1%
Yell Herring
1%
St. Francis Heth
1%
Johnson Hickey
1%
Scott Hickman
1%
Newton Hickory Grove
1%
Prairie Hickory Plain
1%
Phillips Hicksville
1%
Conway Higgins
1%
White Higginson
1%
Madison Hilburn
1%
Monroe Hindman
1%
Franklin Hogan
1%
Howard Holly Creek
1%
Dallas Holly Springs
1%
Miller Homan
1%
Phillips Hornor
1%
Johnson Horsehead
1%
Cleveland Hudgin
1%
Independence Huff
1%
Cleveland | Franklin | Saline Hurricane
1%
Lonoke Indian Bayou
1%
Van Buren Indian Rock
1%
Randolph Ingram
1%
Yell Ions Creek
1%
Lonoke Isbell
1%
Franklin Ivy
1%
Randolph Janes Creek
1%
Lawrence Jesup
1%
Little River Jewell
1%
White Joy
1%
Arkansas Keaton
1%
Scott Keener
1%
Monroe Keevil
1%
Perry Kenney
1%
Crawford Kibler
1%
Lincoln Kimbrough
1%
Carroll | Madison Kings River
1%
Clay Knob
1%
Izard Lacrosse
1%
Scott La Fave
1%
Izard Lafferty
1%
Arkansas La Grue
1%
Garland Lake Hamilton
1%
Scott Lamb
1%
St. Francis L'Anguille
1%
Union Lapile
1%
Sharp Lave Creek
1%
Nevada Leake
1%
Crawford | Washington Lees Creek
1%
Little River Lick Creek
1%
Conway Lick Mountain
1%
Van Buren Linn Creek
1%
Washington Litteral
1%
Randolph Little Black
1%
Craighead | Scott Little Texas
1%
Drew Live Oak
1%
Crawford Locke
1%
Stone Locust Grove
1%
Hot Spring Lone Hill
1%
Lincoln Lone Pine
1%
Baxter Lone Rock
1%
Boone | Carroll | Searcy Long Creek
1%
Sharp Lower North
1%
Prairie Lower Surrounded Hill
1%
Johnson | Newton Low Gap
1%
Izard Lunenburg
1%
Poinsett Lunsford
1%
Independence | Lonoke Magness
1%
Hot Spring Magnet
1%
Ashley Marais Saline
1%
Newton Marble Falls
1%
Stone Marcella
1%
Marion Marion County
1%
Washington Marrs Hill
1%
Baxter Matney
1%
Faulkner Matthews
1%
Arkansas McFall
1%
Mississippi McGavock
1%
Independence McHue
1%
Franklin McIlroy
1%
Cleburne McJester
1%
Johnson McKennon
1%
Conway McLaren
1%
Columbia McNeil
1%
White McRae
1%
Jefferson Melton
1%
Grant Merry Green
1%
Hot Spring Midway
1%
Arkansas Mill Bayou
1%
Ashley | Franklin | Izard | +2 others Mill Creek
1%
Hempstead Mine Creek
1%
Howard Mineral Springs
1%
Phillips Mooney
1%
Independence Moorefield
1%
Pope Moreland
1%
Washington Morrow
1%
Crittenden Mound City
1%
Crawford Mountainburg
1%
Fulton Mount Calm
1%
Izard Mount Olive
1%
White Mount Pisgah
1%
Howard | Pike Muddy Fork
1%
Crawford | Franklin | Johnson Mulberry
1%
Fulton Myatt
1%
Craighead Nettleton
1%
Saline Newcomb
1%
Izard New Hope
1%
Perry New Tennessee
1%
Cleveland | Jefferson Niven
1%
Hempstead Noland
1%
Union Norphlet
1%
Sharp North Big Rock
1%
Baxter North Fork
1%
Boone North Harrison
1%
Sharp North Lebanon
1%
Sharp North Union
1%
Carroll North Yocum
1%
Lee Oak Forest
1%
Lonoke Oak Grove
1%
Independence Oil Trough
1%
Randolph O'Kean
1%
Conway Old Hickory
1%
Jefferson Old River
1%
Crawford Oliver Springs
1%
Boone Olvey
1%
Boone Omaha
1%
Carroll Omega
1%
Stone Optimus
1%
Searcy Oxley
1%
Hempstead Ozan
1%
Carroll Packard Springs
1%
Faulkner Palarm
1%
Bradley Palestine
1%
Sevier Paraclifta
1%
Scott Parks
1%
Jefferson Pastoria
1%
Clay Payne-Swain
1%
Montgomery Pencil Bluff
1%
Cleburne Peter Creek
1%
Conway | Logan | Perry Petit Jean
1%
Lonoke Pettus
1%
Cleburne Pickens
1%
Baxter Pigeon
1%
Faulkner Pine Mountain
1%
Monroe Pine Ridge
1%
Carroll | Cleburne Piney
1%
Sharp Piney Fork
1%
Chicot Planters
1%
Izard | Newton Pleasant Hill
1%
Fulton Pleasant Ridge
1%
Jefferson Plum Bayou
1%
Newton Plumlee
1%
Cleburne Poff
1%
Arkansas Point Deluce
1%
Clay Pollard
1%
Carroll Polo
1%
Newton Ponca
1%
Polk Potter
1%
Washington Prairie Grove
1%
Crittenden Proctor
1%
Craighead | Lawrence Promised Land
1%
Woodruff Pumpkin Bend
1%
Perry Rankin
1%
Sevier Red Colony
1%
Desha Red Fork
1%
Ouachita Red Hill
1%
Cleveland | Hempstead | Nevada Redland
1%
Johnson Red Lick
1%
Stone Red Stripe
1%
Lawrence Reeds Creek
1%
Independence Relief
1%
Logan Reveilee
1%
Randolph Reyno
1%
Washington Rheas Mill
1%
Jackson | Lawrence | Lonoke | +2 others Richwoods
1%
Yell Riley
1%
Lafayette Roane
1%
Stone Roasting Ear
1%
Searcy Rock Creek
1%
Monroe | Prairie Roc Roe
1%
Logan Roseville
1%
Independence Rosie
1%
Yell Rover
1%
Cleveland Rowell
1%
Independence Ruddell
1%
Crawford Rudy
1%
Randolph Running Lake
1%
Izard Sage
1%
Independence Salado
1%
Pike Self Creek
1%
Searcy Shady Grove
1%
Randolph Shiloh
1%
Logan Shoal Creek
1%
Franklin Shores
1%
Logan Short Mountain
1%
Franklin | Logan Six Mile
1%
Ouachita | Union Smackover
1%
Stone Smart
1%
Pope Smyrna
1%
Dallas Southall
1%
Sharp South Big Rock
1%
Fulton South Fork
1%
Boone South Harrison
1%
Sharp South Lebanon
1%
Sharp South Union
1%
Carroll South Yocum
1%
Johnson Spadra
1%
Lee | Phillips Spring Creek
1%
Drew Spring Hill
1%
Hempstead Springhill
1%
Lawrence | Randolph Spring River
1%
Washington Starr Hill
1%
Lafayette Steel
1%
Conway Steele
1%
Searcy St. Joe
1%
Fulton | Izard | Lawrence | Sharp Strawberry
1%
Conway St. Vincent
1%
Cleburne Sugar Camp
1%
Logan Sugar Creek
1%
Boone | Cleburne Sugar Loaf
1%
Bradley Sumpter
1%
Stone Sylamore
1%
Jefferson Talladega
1%
Phillips Tappan
1%
Scott Tate
1%
St. Francis Telico
1%
Lawrence Thacker
1%
Stone Timbo
1%
Howard Tollette
1%
Searcy Tomahawk
1%
Logan | Scott Tomlinson
1%
Lonoke Totten
1%
Saline Traskwood
1%
Union Tubal
1%
Stone Turkey Creek
1%
Cross Twist
1%
Crittenden | Cross | Poinsett Tyronza
1%
Howard Umpire
1%
Perry Union Valley
1%
Sharp Upper North
1%
Prairie Upper Surrounded Hill
1%
Jefferson Vaugine
1%
Drew Veasey
1%
White Velvet Ridge
1%
Fulton Vidette
1%
Jefferson Villemont
1%
Crawford Vine Prairie
1%
Washington Vineyard
1%
Izard Violet Hill
1%
Lafayette Walker Creek
1%
Hempstead Wallaceburg
1%
Desha Walnut Lake
1%
Crittenden Wappanocca
1%
Madison War Eagle
1%
Montgomery Washita
1%
Prairie Watensaw
1%
Hempstead Water Creek
1%
Randolph Water Valley
1%
Yell Waveland
1%
Washington Wedington
1%
Conway Welborn
1%
Lincoln Wells Bayou
1%
Union Wesson
1%
Poinsett West Prairie
1%
Randolph West Roanoke
1%
Sharp West Sullivan
1%
St. Francis Wheatley
1%
Van Buren | Washington Wheeler
1%
Conway White Eagle
1%
Cleveland | Franklin White Oak
1%
Franklin White Rock
1%
Baxter | Cleveland | Jefferson Whiteville
1%
Crawford Whitley
1%
Garland Whittington
1%
Mississippi Whitton
1%
Cleburne Wilburn
1%
Randolph Wiley
1%
Searcy Wileys Cove
1%
Dallas Willow
1%
Ashley Wilmot
1%
Crawford Winfrey
1%
Carroll Winona
1%
Franklin Wittich
1%
Pike Wolf Creek
1%
Perry Wye
1%
Washington Wyman
1%
Montgomery Alamo
0%
Greene Bagwell Lake
0%
Ouachita Behestian
0%
Greene Bula
0%
Greene Campground
0%
Greene Crowley's Ridge
0%
Van Buren East Griggs
0%
Montgomery Fannie
0%
Van Buren Holly Mountain
0%
Montgomery Hopper
0%
Lafayette Mars Hill
0%
Clay North St. Francis
0%
Greene Rush Island
0%
Montgomery Sims
0%
Clay South St. Francis
0%
Franklin Watalula
0%
Van Buren West Griggs
0%
Clay West Oak Bluff
0%
No matching quizzes found
Score Distribution
Percent of People with Each Score
Percentile by Number Answered
Your Score History
You have not taken this quiz since the last reset